000 00491nam a2200181Ia 4500
005 20250326124435.0
008 250326s9999 xx 000 0 und d
037 _aTextbook
040 _aFMSL
_beng
_cFMSL
041 _aeng
_2eng
084 _aX:8a K7;1
_qFMSL
100 _aSethi N K
_9737399
245 0 _aBiblography of Indian management
_cSethi N K
260 _aBombay
_bBombay, Popular
_c1967
300 _a116p
942 _cTB
_hX:8a K7;1
999 _c1273714
_d1273714